La estructura del proceso económico y las relaciones entre los valores globales en la economía de mercado
-д хадгалсан:
| Үндсэн зохиолч: | |
|---|---|
| Формат: | Ном |
| Хэл сонгох: | испани |
| Хэвлэсэн: |
Caracas, Venezuela.
Universidad Central de Venezuela.
1968
|
| Цуврал: | Cuadernos del Instituto. Docencia.
2 |
| Нөхцлүүд: | |
| Шошгууд: |
Шошго нэмэх
Шошго байхгүй, Энэхүү баримтыг шошголох эхний хүн болох!
|
MARC
| LEADER | 00000nam a2200000 a 4500 | ||
|---|---|---|---|
| 001 | UCR8387 | ||
| 003 | CL-VaPUC | ||
| 005 | 20231012163246.0 | ||
| 008 | 980529e19680000ve |||||||||||||||||spa|d | ||
| 999 | |c 343709 |d 343707 | ||
| 040 | |c Pontificia Universidad Católica de Valparaíso | ||
| 082 | 0 | 4 | |a 330.122 BOE 1968 |2 21 |
| 100 | 0 | |a Boehler, Eugen |9 554710 | |
| 245 | 1 | 3 | |a La estructura del proceso económico y las relaciones entre los valores globales en la economía de mercado |
| 260 | 0 | 3 | |a Caracas, Venezuela. |b Universidad Central de Venezuela. |c 1968 |
| 300 | |a 42 páginas | ||
| 490 | 0 | |a Cuadernos del Instituto. Docencia. |v 2 | |
| 583 | |a last modification |c 20171220 01:57:55 |k Rodrigo Vera | ||
| 650 | 0 | |a Economía de mercado |9 328785 | |
| 650 | 0 | |a Mercado de capitales |9 330596 | |
| 650 | 0 | |a Microeconomía |9 258126 | |
| 650 | 0 | |a Producción industrial |9 307907 | |
| 942 | |c BK |2 ddc | ||
| 945 | |d 19980529 00:00:00 |a cmena | ||